00305nam a2200109Ia 45000010005000000080041000050200022000460820017000681000018000852450041001032600051001442831241024s9999 xx 000 0 und d a978-9945-472-14-1 aRD/510/P613f aRené Piedra 0aFundamentos de matemática avanzada bInstituto Tecnológico de Santo Domingoc2012